[Event "5th North Sea Cup"]
[Site "Esbjerg DEN"]
[Date "1980.07.??"]
[Round "6"]
[White "Fries-Nielsen, Jens Ove"]
[Black "Csom, Istvan"]
[Result "0-1"]
[WhiteElo "2355"]
[BlackElo "2510"]
[EventDate "1980.07.04"]
[PlyCount "82"]

1.e4 c6 2.d4 g6 3.Nc3 Bg7 4.Nf3 d6 5.a4 Na6 6.Be2 Nc7 7.O-O Nf6 8.h3 O-O 
9.Be3 d5 10.e5 Nd7 11.Nh2 f5 12.f4 a5 13.g4 b6 14.Rf2 Ba6 15.Bxa6 Rxa6 16.
Ne2 e6 17.Ng3 Qh4 18.Kg2 Qe7 19.Nf3 Rb8 20.Kh1 b5 21.axb5 cxb5 22.Rg2 a4 
23.c3 Rba8 24.Bc1 b4 25.cxb4 Qxb4 26.Qg1 Ne8 27.Ng5 Nf8 28.Bd2 Qb5 29.Nxe6
Rxe6 30.gxf5 Rb6 31.fxg6 hxg6 32.f5 Qd7 33.e6 Nxe6 34.fxe6 Qxe6 35.Re1 
Qxh3+ 36.Rh2 Qg4 37.Bc1 Nf6 38.Qg2 Re6 39.Rxe6 Qxe6 40.Qd2 Ng4 41.Re2 Qf6 
0-1

[Event "5th North Sea Cup"]
[Site "Esbjerg DEN"]
[Date "1980.07.??"]
[Round "6"]
[White "Kristiansen, Jens"]
[Black "Mortensen, Erling"]
[Result "1/2-1/2"]
[WhiteElo "2430"]
[BlackElo "2400"]
[EventDate "1980.07.04"]
[PlyCount "75"]

1.e4 c5 2.Nf3 e6 3.d4 cxd4 4.Nxd4 Nf6 5.Nc3 d6 6.Be2 a6 7.O-O Qc7 8.f4 Be7
9.Kh1 O-O 10.a4 Nc6 11.Be3 Re8 12.Bd3 Nxd4 13.Bxd4 e5 14.Be3 Bg4 15.Qd2 
exf4 16.Bd4 Be6 17.Qxf4 Nd7 18.Nd5 Bxd5 19.exd5 Bf6 20.c3 Re7 21.Bxf6 Nxf6
22.Qh4 Re3 23.Rad1 Qe7 24.Rxf6 Rxd3 25.Rxd3 Re8 26.Rdf3 gxf6 27.Rf1 Qe5 
28.h3 Qxd5 29.Qxf6 Re2 30.Rf3 Kf8 31.Qh8+ Ke7 32.Qxh7 Rxb2 33.Qh4+ Kd7 34.
Qf6 Ke8 35.Re3+ Kd7 36.Rf3 Ke8 37.Qh8+ Kd7 38.Qf6 1/2-1/2

[Event "5th North Sea Cup"]
[Site "Esbjerg DEN"]
[Date "1980.07.??"]
[Round "6"]
[White "Fuller, Maxwell"]
[Black "Jakobsen, Ole"]
[Result "0-1"]
[WhiteElo "2355"]
[BlackElo "2410"]
[EventDate "1980.07.04"]
[PlyCount "142"]

1.b3 Nf6 2.Bb2 g6 3.e4 d6 4.g3 Bg7 5.Bg2 O-O 6.Ne2 e5 7.O-O Nc6 8.d4 exd4 
9.Nxd4 Bd7 10.c4 Re8 11.Re1 a6 12.Qc2 Nxe4 13.Nxc6 Bxc6 14.Bxg7 Kxg7 15.
Bxe4 Bxe4 16.Rxe4 Rxe4 17.Qxe4 Qf6 18.Qxb7 Qxa1 19.Qxa8 Qxb1+ 20.Kg2 Qxa2 
21.Qb7 Qa5 22.Qe4 Qb6 23.Qd3 a5 24.Qc3+ Kg8 25.g4 h6 26.f4 a4 27.bxa4 Qc6+
28.Kg3 Qxa4 29.f5 Qe8 30.fxg6 fxg6 31.Qd3 Qe5+ 32.Kg2 Kg7 33.Qf3 Qe6 34.
Qc3+ Kh7 35.h3 Qe2+ 36.Kg1 g5 37.c5 Qe5 38.Qd3+ Kg7 39.cxd6 cxd6 40.Qb3 
Qc5+ 41.Kg2 Qc6+ 42.Kf2 d5 43.Ke3 Qe6+ 44.Kd4 Qf6+ 45.Kc5 Qf2+ 46.Kb5 Qd4 
47.Qc2 Qe5 48.Qd3 Qd6 49.Qf5 Kg8 50.Qf3 Kg7 51.Qf5 Kg8 52.Qf3 Qb8+ 53.Kc5 
Qc7+ 54.Kb5 Qc4+ 55.Kb6 Kg7 56.Qf5 d4 57.Qd7+ Kf6 58.Qf5+ Ke7 59.Qh7+ Kd6 
60.Qxh6+ Qe6 61.Qxg5 Qb3+ 62.Ka7 Qa4+ 63.Kb6 Qc6+ 64.Ka5 Qc5+ 65.Qxc5+ 
Kxc5 66.Ka4 Kc4 67.Ka3 Kc3 68.g5 d3 69.g6 d2 70.g7 d1=Q 71.g8=Q Qd6+ 0-1

[Event "5th North Sea Cup"]
[Site "Esbjerg DEN"]
[Date "1980.07.??"]
[Round "7"]
[White "Jakobsen, Ole"]
[Black "Fries-Nielsen, Niels Joergen"]
[Result "1-0"]
[WhiteElo "2410"]
[BlackElo "2315"]
[EventDate "1980.07.04"]
[PlyCount "139"]

1.c4 f5 2.d4 g6 3.Nc3 Nf6 4.g3 Bg7 5.Bg2 O-O 6.Nh3 d6 7.d5 c6 8.Nf4 e5 9.
dxe6 Qe7 10.O-O Na6 11.e4 fxe4 12.Nxe4 Nxe4 13.Bxe4 Nc5 14.Bg2 Nxe6 15.Re1
Qf7 16.Qxd6 Rd8 17.Qa3 Nd4 18.Be3 Nc2 19.Qa5 Bf5 20.Rad1 b6 21.Qa4 Nxe1 
22.Rxe1 Bd7 23.b3 g5 24.Ne2 Qg6 25.b4 Be8 26.b5 cxb5 27.cxb5 Rac8 28.Nd4 
Bf7 29.Nc6 Rd7 30.Qg4 Rcc7 31.Qxg5 Bxa2 32.Qxg6 hxg6 33.Bf4 Bc4 34.Bxc7 
Rxc7 35.Bf1 Bf7 36.Re7 Rc8 37.Bh3 Ra8 38.Rxa7 Rxa7 39.Nxa7 Bd4 40.Bf1 Kg7 
41.Nc6 Bc5 42.h4 Kf6 43.Bd3 g5 44.hxg5+ Kxg5 45.Ne5 Be6 46.Kf1 Kf6 47.f4 
Bd6 48.Nc4 Bc5 49.Kg2 Bd4 50.Kf3 Bd5+ 51.Ke2 Bf7 52.g4 Bc5 53.Ne5 Be6 54.
Bc4 Bc8 55.Kd3 Ke7 56.Ke4 Bd6 57.g5 Bh3 58.f5 Bg2+ 59.Nf3 Kf8 60.f6 Bh3 
61.g6 Bd7 62.g7+ Ke8 63.g8=Q+ Bf8 64.Qf7+ Kd8 65.Qxf8+ Be8 66.Qe7+ Kc8 67.
Qxe8+ Kb7 68.Qd7+ Kb8 69.Qd8+ Kb7 70.Bd5+ 1-0

[Event "5th North Sea Cup"]
[Site "Esbjerg DEN"]
[Date "1980.07.??"]
[Round "7"]
[White "Iskov, Gert"]
[Black "Savon, Vladimir"]
[Result "1/2-1/2"]
[WhiteElo "2400"]
[BlackElo "2510"]
[EventDate "1980.07.04"]
[PlyCount "50"]

1.e4 c5 2.Nf3 d6 3.Nc3 a6 4.d4 cxd4 5.Nxd4 Nf6 6.Bg5 e6 7.f4 Qb6 8.Nb3 Be7
9.Qe2 h6 10.Bxf6 Bxf6 11.e5 dxe5 12.fxe5 Bg5 13.Ne4 Qe3 14.Nxg5 Qxe2+ 15.
Bxe2 hxg5 16.Nc5 Nc6 17.Nd3 Bd7 18.c3 Ne7 19.O-O Bb5 20.b3 Rd8 21.c4 Bc6 
22.Nb4 Rd2 23.Nxc6 Rxe2 24.Na5 b6 25.Nb7 O-O 1/2-1/2

[Event "5th North Sea Cup"]
[Site "Esbjerg DEN"]
[Date "1980.07.??"]
[Round "7"]
[White "Mortensen, Erling"]
[Black "Fries-Nielsen, Jens Ove"]
[Result "1-0"]
[WhiteElo "2400"]
[BlackElo "2355"]
[EventDate "1980.07.04"]
[PlyCount "105"]

1.c4 Nf6 2.Nc3 e5 3.Nf3 Nc6 4.g3 g6 5.d4 exd4 6.Nxd4 Bg7 7.Bg2 O-O 8.O-O 
Re8 9.Nxc6 bxc6 10.Qa4 a5 11.Rd1 Bb7 12.Bf4 h6 13.c5 g5 14.Be3 Rxe3 15.
fxe3 Qe7 16.Ne4 Nd5 17.Qb3 Ba6 18.Rd2 a4 19.Qxa4 Nxe3 20.Rc1 Nxg2 21.Kxg2 
Re8 22.Nc3 Qe3 23.Rcc2 Bc8 24.Nd1 Qe6 25.Nf2 Bf8 26.e4 Qg6 27.Re2 Bg7 28.
Qc4 h5 29.a4 Bb7 30.Qd3 d6 31.b4 Ra8 32.b5 dxc5 33.Rxc5 Bf8 34.Rc4 Qe6 35.
Rec2 c5 36.Kg1 Be7 37.Qf3 c6 38.b6 Ra6 39.Rxc5 Rxa4 40.Qxh5 Ra1+ 41.Kg2 
Rb1 42.Rxg5+ Bxg5 43.Qxg5+ Qg6 44.Qd8+ Kh7 45.Rc5 Rb5 46.Qe7 Rxc5 47.Qxc5 
Qe6 48.Qf5+ Qxf5 49.exf5 c5+ 50.Kf1 c4 51.Ke2 Kg7 52.Ke3 Kf6 53.Ne4+ 1-0

[Event "5th North Sea Cup"]
[Site "Esbjerg DEN"]
[Date "1980.07.??"]
[Round "7"]
[White "Plachetka, Jan"]
[Black "Kristiansen, Jens"]
[Result "0-1"]
[WhiteElo "2480"]
[BlackElo "2430"]
[EventDate "1980.07.04"]
[PlyCount "70"]

1.d4 Nf6 2.c4 e6 3.Nf3 b6 4.Nc3 Bb7 5.Bg5 h6 6.Bh4 g5 7.Bg3 Nh5 8.e3 Nxg3 
9.fxg3 Bg7 10.Bd3 Nc6 11.O-O Qe7 12.Rc1 a6 13.Qe2 h5 14.h4 gxh4 15.Nxh4 
Qg5 16.Ne4 Qh6 17.c5 f5 18.Nd2 O-O 19.cxb6 cxb6 20.Nc4 Nb4 21.Nxb6 Nxd3 
22.Qxd3 Be4 23.Qe2 Ra7 24.Nc8 Ra8 25.Ne7+ Kh7 26.Neg6 Rg8 27.Rc7 Rad8 28.
Rf2 Bf6 29.Nf4 Rxg3 30.Nf3 h4 31.Nxe6 Rdg8 32.Rxd7+ Kh8 33.Nf4 h3 34.Nh2 
Bxg2 35.Nxg2 Rxg2+ 0-1

[Event "5th North Sea Cup"]
[Site "Esbjerg DEN"]
[Date "1980.07.??"]
[Round "7"]
[White "Csom, Istvan"]
[Black "Fuller, Maxwell"]
[Result "1/2-1/2"]
[WhiteElo "2510"]
[BlackElo "2355"]
[EventDate "1980.07.04"]
[PlyCount "117"]

1.d4 Nf6 2.c4 g6 3.g3 Bg7 4.Bg2 O-O 5.Nf3 d6 6.Nc3 c6 7.O-O Bf5 8.b3 Ne4 
9.Bb2 Nxc3 10.Bxc3 Be4 11.Qd2 Nd7 12.Rfd1 d5 13.Qe3 e6 14.Bh3 Bxf3 15.Qxf3
Nf6 16.Qd3 Ne4 17.Bb2 f5 18.Bg2 Qe7 19.e3 h5 20.a4 Rf7 21.Ba3 Qc7 22.b4 h4
23.cxd5 exd5 24.Rac1 hxg3 25.hxg3 Bh6 26.Rc2 Re8 27.Bc1 g5 28.b5 Re6 29.
bxc6 bxc6 30.Qb3 Bf8 31.Ba3 Bxa3 32.Qxa3 Rh6 33.Qb3 f4 34.Bxe4 dxe4 35.Rc5
fxg3 36.Rxg5+ Kh8 37.Rxg3 Rg7 38.Rxg7 Qxg7+ 39.Kf1 Qf8 40.Ke2 Qf3+ 41.Kd2 
Qxf2+ 42.Kc1 Qf8 43.Kb1 Rf6 44.Rh1+ Kg7 45.Rg1+ Kh8 46.Kc2 Rf1 47.Rxf1 
Qxf1 48.Qb8+ Kh7 49.Qc7+ Kg8 50.Qc8+ Kf7 51.Qd7+ Kf8 52.Qd6+ Kf7 53.Qc7+ 
Kg8 54.Qd8+ Kf7 55.Qd7+ Kf8 56.Qc8+ Kf7 57.Qb7+ Kf8 58.Qb8+ Kf7 59.Qb3+ 
1/2-1/2

[Event "5th North Sea Cup"]
[Site "Esbjerg DEN"]
[Date "1980.07.??"]
[Round "8"]
[White "Mortensen, Erling"]
[Black "Plachetka, Jan"]
[Result "1/2-1/2"]
[WhiteElo "2400"]
[BlackElo "2480"]
[EventDate "1980.07.04"]
[PlyCount "165"]

1.c4 Nf6 2.Nc3 g6 3.g3 Bg7 4.Bg2 O-O 5.Nf3 d6 6.d4 Nc6 7.O-O a6 8.d5 Na5 
9.Nd2 c5 10.Qc2 e5 11.b3 Rb8 12.Bb2 b5 13.Rae1 Nh5 14.Nd1 Bf5 15.e4 Bd7 
16.Bc3 Bh6 17.Ne3 Nb7 18.Qd1 b4 19.Bb2 a5 20.a4 bxa3 21.Bxa3 a4 22.bxa4 
Qe8 23.Qe2 Bxa4 24.Rb1 Na5 25.Rxb8 Qxb8 26.Rb1 Qc7 27.Bf1 Rb8 28.Qd3 Nf6 
29.f3 Rxb1 30.Nxb1 Qb6 31.Kf2 Bxe3+ 32.Kxe3 Nxc4+ 33.Qxc4 Qxb1 34.Kf2 Bc2 
35.Qa6 Qa2 36.Bc1 Qxa6 37.Bxa6 Ne8 38.Bb5 Nc7 39.Bc6 f6 40.Bd2 Kf7 41.Ba5 
Na6 42.Ke2 Nb4 43.Bb5 Bb3 44.Kd2 Nc2 45.Bd3 Nd4 46.Ke3 f5 47.f4 exf4+ 48.
Kxf4 fxe4 49.Bxe4 Bc2 50.Bg2 h6 51.h4 Ne2+ 52.Kf3 Bd1 53.Kf2 Nd4 54.Bd2 
Nf5 55.Be4 Kf6 56.Bc3+ Ke7 57.Bd2 h5 58.Bg5+ Kd7 59.Bf6 Bb3 60.Bg5 Ne7 61.
Bxe7 Kxe7 62.Bxg6 Bd1 63.Ke3 Kf6 64.Be4 Ke5 65.Bg2 Bg4 66.Kd3 Bf5+ 67.Ke3 
c4 68.Bf3 Bg6 69.Bg2 Be8 70.Bh1 Bf7 71.Bf3 Be8 72.Bh1 Bg6 73.Bg2 Bf7 74.
Bf3 Bxd5 75.Bxh5 Be4 76.Kd2 Kd4 77.Be8 c3+ 78.Kc1 d5 79.h5 Ke5 80.Bc6 Bf5 
81.h6 d4 82.g4 Bg6 83.Bd7 1/2-1/2

[Event "5th North Sea Cup"]
[Site "Esbjerg DEN"]
[Date "1980.07.??"]
[Round "8"]
[White "Fries-Nielsen, Jens Ove"]
[Black "Fuller, Maxwell"]
[Result "1/2-1/2"]
[WhiteElo "2355"]
[BlackElo "2355"]
[EventDate "1980.07.04"]
[PlyCount "147"]

1.c4 g6 2.Nc3 c5 3.g3 Bg7 4.Bg2 Nc6 5.d3 e6 6.e4 Nge7 7.Nge2 O-O 8.O-O a6 
9.Be3 Nd4 10.Rb1 Nec6 11.a3 Rb8 12.b4 cxb4 13.axb4 b5 14.Nxd4 Bxd4 15.Bxd4
Nxd4 16.e5 d6 17.exd6 Qxd6 18.c5 Qc7 19.Ne2 Rd8 20.Nxd4 Rxd4 21.Qc2 e5 22.
Rfe1 Bf5 23.Be4 Be6 24.Qc3 a5 25.bxa5 b4 26.Qa1 Rb5 27.a6 Ra5 28.Qb2 Rxa6 
29.c6 Ra2 30.Qc1 b3 31.Qc5 Rc2 32.Qb5 Qa7 33.Rf1 Rxe4 34.dxe4 Qd4 35.c7 b2
36.Rbd1 Qxe4 37.Rd8+ Kg7 38.c8=Q Bxc8 39.Rxc8 Rxc8 40.Qxb2 Rc2 41.Qb1 Qc4 
42.Qd1 h5 43.h4 Qc5 44.Qa1 Rc3 45.Kh2 Qd4 46.Kg2 Qd5+ 47.Kg1 Rd3 48.Re1 
Rd4 49.Qc3 Kh7 50.Qc7 e4 51.Qf4 Kg7 52.Kh2 Qf5 53.Qxf5 gxf5 54.Ra1 Rd2 55.
Kg1 Rd3 56.Kg2 Rd2 57.Kf1 Rd3 58.Kg2 f4 59.gxf4 Rf3 60.Ra5 Rxf4 61.Rxh5 f5
62.Rg5+ Kf6 63.Kg3 Rf3+ 64.Kg2 Ra3 65.Rg8 f4 66.Rf8+ Ke5 67.h5 Ra2 68.h6 
Ra7 69.Rh8 Kf6 70.h7 Rg7+ 71.Kf1 Kg6 72.Rf8 Rxh7 73.Rxf4 Ra7 74.Rxe4 
1/2-1/2

[Event "5th North Sea Cup"]
[Site "Esbjerg DEN"]
[Date "1980.07.??"]
[Round "8"]
[White "Sloth, Joern"]
[Black "Iskov, Gert"]
[Result "0-1"]
[WhiteElo "2385"]
[BlackElo "2400"]
[EventDate "1980.07.04"]
[PlyCount "139"]

1.g3 d5 2.Bg2 g6 3.Nf3 Bg7 4.O-O e5 5.d3 Ne7 6.e4 Nbc6 7.Nbd2 O-O 8.Re1 h6
9.exd5 Nxd5 10.Nc4 Re8 11.Bd2 Kh7 12.a4 Nb6 13.Nxb6 axb6 14.Bc3 Bf5 15.Nd2
Qd7 16.Nc4 Nd4 17.Bxd4 exd4 18.b3 b5 19.axb5 Rxe1+ 20.Qxe1 Rxa1 21.Qxa1 
Qxb5 22.Qa5 Qxa5 23.Nxa5 b6 24.Nc6 Bf6 25.Be4 Bh3 26.f3 Kg7 27.Kf2 h5 28.
Bd5 Kf8 29.b4 Bd7 30.b5 Be7 31.Ke2 Bc5 32.Kf2 f6 33.Ke2 g5 34.Kf2 Kg7 35.
Ke2 f5 36.f4 gxf4 37.gxf4 h4 38.Kf2 Kf6 39.Kg2 Bd6 40.Kf3 Bc5 41.Kg2 Bd6 
42.Kf3 Be8 43.Nxd4 Bh5+ 44.Ke3 Bc5 45.Bc6 Ke7 46.Bg2 Be8 47.c4 Kd6 48.h3 
c6 49.bxc6 Bf7 50.Bf3 Be6 51.Bg2 Kc7 52.Bf3 Bc8 53.Bd5 Kb8 54.Bf7 Kc7 55.
Bd5 Kd6 56.Bf3 Be6 57.Bg2 Kc7 58.Bf3 Bf7 59.Bg2 Kc8 60.Bh1 Kb8 61.Bg2 Ka7 
62.Bh1 Ka6 63.Bg2 Be6 64.Bf3 Ka5 65.Bh5 Kb4 66.Be8 Kc3 67.Bd7 Bxd4+ 68.Ke2
Bxd7 69.cxd7 Bf6 70.Ke3 0-1

[Event "5th North Sea Cup"]
[Site "Esbjerg DEN"]
[Date "1980.07.??"]
[Round "8"]
[White "Savon, Vladimir"]
[Black "Jakobsen, Ole"]
[Result "1/2-1/2"]
[WhiteElo "2510"]
[BlackElo "2410"]
[EventDate "1980.07.04"]
[PlyCount "40"]

1.e4 c5 2.Nf3 d6 3.d4 cxd4 4.Nxd4 Nf6 5.Nc3 a6 6.Bc4 e6 7.a4 Be7 8.O-O O-O
9.Ba2 Nc6 10.Be3 Nb4 11.Bb3 d5 12.e5 Nd7 13.f4 Nc5 14.Nce2 Nxb3 15.Nxb3 
Nc6 16.Qd2 f6 17.exf6 Bxf6 18.Nbd4 e5 19.fxe5 Nxe5 20.b3 Re8 1/2-1/2

[Event "5th North Sea Cup"]
[Site "Esbjerg DEN"]
[Date "1980.07.??"]
[Round "9"]
[White "Plachetka, Jan"]
[Black "Fries-Nielsen, Jens Ove"]
[Result "0-1"]
[WhiteElo "2480"]
[BlackElo "2355"]
[EventDate "1980.07.04"]
[PlyCount "80"]

1.e4 d6 2.d4 Nf6 3.Nc3 g6 4.f4 Bg7 5.Nf3 c5 6.dxc5 Qa5 7.Bd3 Qxc5 8.Qe2 
O-O 9.a3 Bg4 10.Be3 Qc7 11.O-O Nbd7 12.h3 Bxf3 13.Qxf3 a6 14.Rad1 Rac8 15.
Kh1 e6 16.Rf2 Nc5 17.Rfd2 Nfd7 18.Bf1 Bxc3 19.bxc3 Nf6 20.e5 dxe5 21.fxe5 
Nfe4 22.Rd4 f5 23.Bf4 g5 24.Bh2 Qg7 25.Bc4 Kh8 26.Qe3 b5 27.Ba2 h5 28.c4 
f4 29.Qe1 f3 30.gxf3 Rxf3 31.Rd8+ Rxd8 32.Rxd8+ Kh7 33.c3 Qf7 34.Kg1 Rf2 
35.Bb1 Qf3 36.Bxe4+ Nxe4 37.Qxe4+ Qxe4 38.Kxf2 Qc2+ 39.Kg1 bxc4 40.Rd6 
Qxc3 0-1

[Event "5th North Sea Cup"]
[Site "Esbjerg DEN"]
[Date "1980.07.??"]
[Round "9"]
[White "Csom, Istvan"]
[Black "Savon, Vladimir"]
[Result "1/2-1/2"]
[WhiteElo "2510"]
[BlackElo "2510"]
[EventDate "1980.07.04"]
[PlyCount "31"]

1.d4 Nf6 2.c4 e6 3.g3 c5 4.d5 exd5 5.cxd5 d6 6.Nc3 g6 7.Bg2 Bg7 8.Nf3 O-O 
9.O-O Re8 10.Bf4 a6 11.a4 Ne4 12.Nxe4 Rxe4 13.Ra2 Bg4 14.b3 Bxf3 15.Bxf3 
Re8 16.Qb1 1/2-1/2

[Event "5th North Sea Cup"]
[Site "Esbjerg DEN"]
[Date "1980.07.??"]
[Round "9"]
[White "Iskov, Gert"]
[Black "Mestel, Andrew Jonathan"]
[Result "0-1"]
[WhiteElo "2400"]
[BlackElo "2485"]
[EventDate "1980.07.04"]
[PlyCount "78"]

1.e4 c5 2.Nf3 d6 3.d4 cxd4 4.Nxd4 Nf6 5.Nc3 g6 6.Be3 Bg7 7.f3 O-O 8.Qd2 
Nc6 9.O-O-O Be6 10.Kb1 Qc8 11.g4 Rd8 12.Nxe6 Qxe6 13.Nd5 Rdc8 14.Be2 b5 
15.g5 Ne8 16.h4 Qe5 17.c3 Rab8 18.h5 Qe6 19.hxg6 hxg6 20.Bd3 Nc7 21.f4 
Nxd5 22.exd5 Qxd5 23.Bxg6 Qxd2 24.Bh7+ Kf8 25.Rxd2 a6 26.Be4 b4 27.cxb4 
Rxb4 28.Bd5 e6 29.a3 Rb7 30.Bg2 Rb3 31.Bf2 Na5 32.Bd4 Nc4 33.Bxg7+ Kxg7 
34.Rf2 Rcb8 35.Kc1 Nxb2 36.Be4 Rc8+ 37.Bc2 Nd3+ 38.Kd2 Nxf2 39.Rh7+ Kg8 
0-1

[Event "5th North Sea Cup"]
[Site "Esbjerg DEN"]
[Date "1980.07.??"]
[Round "9"]
[White "Fuller, Maxwell"]
[Black "Fries-Nielsen, Niels Joergen"]
[Result "1-0"]
[WhiteElo "2355"]
[BlackElo "2315"]
[EventDate "1980.07.04"]
[PlyCount "149"]

1.Nf3 d5 2.b3 Nf6 3.Bb2 Bg4 4.e3 e6 5.Be2 Nbd7 6.c4 c6 7.O-O Be7 8.Nc3 O-O
9.d4 Qc7 10.Ne5 Bxe2 11.Qxe2 Rad8 12.Rac1 Bb4 13.Nd3 Bd6 14.f4 Ne4 15.Nxe4
dxe4 16.Nf2 f5 17.g4 Nf6 18.Kh1 g6 19.Rg1 Qa5 20.Ba1 Rf7 21.gxf5 exf5 22.
Nh3 Bf8 23.Ng5 Re7 24.d5 Bg7 25.Bc3 Qa3 26.Ne6 Rdd7 27.Qe1 Re8 28.Bb4 Qxa2
29.Rg2 Qa6 30.Ra1 Qb6 31.c5 Qb5 32.Nd4 Qd3 33.Rd2 Nxd5 34.Rxd3 exd3 35.Qd2
Rxe3 36.Bc3 Rde7 37.Rxa7 R3e4 38.Ra8+ Kf7 39.Ra4 Rd7 40.Bb2 b5 41.cxb6 
Nxb6 42.Ra6 Nd5 43.Nf3 Re2 44.Qxd3 Rxb2 45.Rxc6 Ra2 46.Rc1 Ra1 47.Rxa1 
Bxa1 48.Qb5 Nf6 49.Ne5+ Bxe5 50.fxe5 Rd1+ 51.Kg2 Rd2+ 52.Kf1 Ne4 53.Qc4+ 
Ke7 54.b4 Rxh2 55.Qc7+ Ke6 56.b5 Nd2+ 57.Ke1 Nf3+ 58.Kd1 Nxe5 59.b6 Rb2 
60.b7 Nd7 61.Qc3 Rh2 62.Qc6+ Ke7 63.b8=Q Nxb8 64.Qc7+ Nd7 65.Qxh2 Nf6 66.
Qe5+ Kf7 67.Qc7+ Ke6 68.Qf4 Ng4 69.Ke2 h6 70.Qc4+ Kf6 71.Qd4+ Kg5 72.Kf3 
Kh4 73.Qf4 h5 74.Kg2 g5 75.Qg3# 1-0

[Event "5th North Sea Cup"]
[Site "Esbjerg DEN"]
[Date "1980.07.??"]
[Round "9"]
[White "Yusupov, Artur"]
[Black "Mortensen, Erling"]
[Result "1/2-1/2"]
[WhiteElo "2485"]
[BlackElo "2400"]
[EventDate "1980.07.04"]
[PlyCount "100"]

1.d4 Nf6 2.c4 g6 3.Nc3 Bg7 4.e4 d6 5.f3 Nc6 6.Nge2 Rb8 7.Be3 a6 8.Nc1 e5 
9.Nb3 exd4 10.Nxd4 O-O 11.Qd2 Ne5 12.Rd1 Re8 13.Be2 c5 14.Nb3 Be6 15.Qxd6 
Qxd6 16.Rxd6 b6 17.Bg5 h6 18.Bxf6 Bxf6 19.f4 Nxc4 20.Rxe6 Bxc3+ 21.bxc3 
Rxe6 22.Bxc4 Rxe4+ 23.Be2 Rbe8 24.Nc1 Rxf4 25.Rf1 Rxf1+ 26.Kxf1 Re3 27.
Bxa6 Rxc3 28.Ne2 Ra3 29.Bc4 Ra4 30.Bd5 Ra3 31.Bc4 Kg7 32.Ke1 Ra4 33.Bb3 
Rg4 34.g3 Re4 35.Kd2 h5 36.Nc3 Rd4+ 37.Ke3 h4 38.Nd5 hxg3 39.hxg3 b5 40.
Nc3 Rb4 41.Bd5 Rb2 42.a4 bxa4 43.Nxa4 Rc2 44.g4 Kf8 45.Bb3 Rg2 46.Kf3 Rg1 
47.Nxc5 Rc1 48.Ne4 f5 49.gxf5 gxf5 50.Nd2 Rc3+ 1/2-1/2

[Event "5th North Sea Cup"]
[Site "Esbjerg DEN"]
[Date "1980.07.??"]
[Round "9"]
[White "Jakobsen, Ole"]
[Black "Sloth, Joern"]
[Result "1/2-1/2"]
[WhiteElo "2410"]
[BlackElo "2385"]
[EventDate "1980.07.04"]
[PlyCount "60"]

1.d4 d5 2.c4 c6 3.Nf3 Nf6 4.Nc3 dxc4 5.e3 b5 6.a4 b4 7.Nb1 Ba6 8.Qc2 e6 9.
Bxc4 Bxc4 10.Qxc4 Qd5 11.Nbd2 Nbd7 12.b3 Be7 13.Bb2 O-O 14.Rc1 Rac8 15.O-O
c5 16.Rfd1 Qb7 17.Qe2 a6 18.Nc4 Rfd8 19.dxc5 Nxc5 20.Bxf6 gxf6 21.Rxd8+ 
Rxd8 22.Nd4 Rc8 23.Qf3 Qxf3 24.gxf3 Nb7 25.Rc2 Bc5 26.Rd2 Kf8 27.Kf1 Ke7 
28.Ke2 Rc7 29.f4 Bxd4 30.Rxd4 Rd7 1/2-1/2

[Event "5th North Sea Cup"]
[Site "Esbjerg DEN"]
[Date "1980.07.??"]
[Round "10"]
[White "Mestel, Andrew Jonathan"]
[Black "Jakobsen, Ole"]
[Result "1/2-1/2"]
[WhiteElo "2485"]
[BlackElo "2410"]
[EventDate "1980.07.04"]
[PlyCount "131"]

1.e4 c5 2.Nf3 d6 3.Bb5+ Bd7 4.c4 Nc6 5.d4 cxd4 6.Nxd4 Nf6 7.Nc3 e6 8.O-O 
Be7 9.Nxc6 Bxc6 10.Bxc6+ bxc6 11.Bf4 e5 12.Be3 O-O 13.Qe2 Qd7 14.Rfd1 Qe6 
15.f3 Nh5 16.c5 dxc5 17.Na4 Nf4 18.Qc2 c4 19.Bxf4 exf4 20.Rdc1 Rfd8 21.b3 
Bf6 22.Rab1 Bd4+ 23.Kh1 Be3 24.Rd1 cxb3 25.axb3 h6 26.Nb2 Qf6 27.Nc4 Rxd1+
28.Rxd1 Rd8 29.e5 Rxd1+ 30.Qxd1 Qe7 31.g3 g5 32.Qd3 Bc5 33.Kg2 fxg3 34.
hxg3 Qe6 35.Qe4 Bb6 36.Kh2 Qg6 37.Qe2 h5 38.Qd2 Qf5 39.Qd6 Qe6 40.Qd2 Qf5 
41.Qe2 Bd4 42.Qd1 Bxe5 43.Ne3 Qg6 44.Kg2 h4 45.g4 Bf4 46.Nf5 Qf6 47.Qc2 
Kh8 48.b4 Qa1 49.Qxc6 h3+ 50.Kf2 Qb2+ 51.Kf1 Qg2+ 52.Ke1 Qd2+ 53.Kf1 Qc1+ 
54.Qxc1 Bxc1 55.Kf2 Bf4 56.Ne7 Kg7 57.Nd5 Kf8 58.Nxf4 gxf4 59.Kg1 Ke7 60.
Kh2 Kd6 61.Kxh3 Kd5 62.g5 Kc4 63.Kg4 Kxb4 64.Kxf4 a5 65.Ke3 Kc3 66.f4 
1/2-1/2

[Event "5th North Sea Cup"]
[Site "Esbjerg DEN"]
[Date "1980.07.??"]
[Round "10"]
[White "Kristiansen, Jens"]
[Black "Iskov, Gert"]
[Result "1/2-1/2"]
[WhiteElo "2430"]
[BlackElo "2400"]
[EventDate "1980.07.04"]
[PlyCount "109"]

1.e4 Nf6 2.e5 Nd5 3.d4 d6 4.Nf3 Bg4 5.Be2 e6 6.O-O Nb6 7.Nbd2 Nc6 8.exd6 
Bxd6 9.Ne4 Be7 10.c3 Bf5 11.Ng3 Bg6 12.Re1 O-O 13.Bf1 a5 14.Ne2 Bf6 15.Nf4
e5 16.Nxg6 hxg6 17.Nxe5 Nxe5 18.dxe5 Qxd1 19.Rxd1 Bxe5 20.Be3 Rfd8 21.Bb5 
Nd5 22.Bc5 c6 23.Bc4 b6 24.Bd4 Bc7 25.a4 Rd7 26.Rd2 Rad8 27.Rad1 Kf8 28.g3
Nf6 29.f3 Be5 30.Be3 Rxd2 31.Rxd2 Rxd2 32.Bxd2 Nd7 33.f4 Bd6 34.Kg2 Nc5 
35.b3 Ne4 36.Be1 Ke7 37.Kf3 Nc5 38.Bf2 Bc7 39.Bd4 f6 40.h4 Bd6 41.g4 b5 
42.Bxc5 Bxc5 43.axb5 cxb5 44.Bxb5 f5 45.g5 Ba3 46.Bc6 Bb2 47.c4 Bd4 48.Bd5
Kf8 49.Be6 Bc5 50.Bc8 Ke7 51.Kg3 Bb4 52.h5 Kd8 53.Be6 Ke7 54.Bc8 Kd8 55.
Be6 1/2-1/2

[Event "5th North Sea Cup"]
[Site "Esbjerg DEN"]
[Date "1980.07.??"]
[Round "10"]
[White "Sloth, Joern"]
[Black "Csom, Istvan"]
[Result "1/2-1/2"]
[WhiteElo "2385"]
[BlackElo "2510"]
[EventDate "1980.07.04"]
[PlyCount "139"]

1.g3 g6 2.Bg2 Bg7 3.c4 Nf6 4.Nc3 O-O 5.Nf3 d6 6.O-O a6 7.d3 Nbd7 8.Qc2 Rb8
9.b4 c6 10.a4 a5 11.bxa5 Qxa5 12.Bd2 Ra8 13.Rfb1 Ne8 14.Ra2 Qd8 15.Ne1 Nc5
16.Nd1 Nc7 17.a5 e5 18.Nb2 N7e6 19.e3 Re8 20.Na4 Nxa4 21.Rxa4 Nc5 22.Ra3 
h5 23.Bb4 Na6 24.Bc3 Re7 25.Rab3 Nc5 26.Rb6 Bf5 27.Bb4 e4 28.Bxc5 exd3 29.
Nxd3 dxc5 30.e4 Rxe4 31.Bxe4 Bxe4 32.Rd1 Bd4 33.Qe2 Bxd3 34.Rxd3 Qc7 35.
Rdb3 Rxa5 36.Rxb7 Qd6 37.Qe8+ Qf8 38.Qe4 Ra8 39.Qxc6 Re8 40.Qf3 Kg7 41.Rd7
Re7 42.Rbb7 Rxd7 43.Rxd7 Qe8 44.Rd5 Qe6 45.Kg2 Qa6 46.Qe2 Qf6 47.h4 Qb6 
48.Kg1 Qb8 49.Kh2 Qc7 50.Kg2 Qb6 51.Qd2 Qc6 52.Qf4 Qb7 53.Kh2 Qb2 54.Rd7 
Qxf2+ 55.Qxf2 Bxf2 56.Kg2 Bd4 57.Kf3 Kf6 58.Ke4 Ke6 59.Ra7 Be5 60.Re7+ 
Kxe7 61.Kxe5 f6+ 62.Kd5 Kd7 63.Kxc5 Kc7 64.Kd5 Kd7 65.c5 g5 66.Ke4 gxh4 
67.gxh4 Kc6 68.Kf5 Kxc5 69.Kxf6 Kd6 70.Kg6 1/2-1/2

[Event "5th North Sea Cup"]
[Site "Esbjerg DEN"]
[Date "1980.07.??"]
[Round "10"]
[White "Savon, Vladimir"]
[Black "Fuller, Maxwell"]
[Result "1/2-1/2"]
[WhiteElo "2510"]
[BlackElo "2355"]
[EventDate "1980.07.04"]
[PlyCount "61"]

1.e4 e6 2.d4 d5 3.Nd2 Be7 4.c3 c5 5.exd5 Qxd5 6.dxc5 Nf6 7.Ngf3 O-O 8.b4 
a5 9.Bc4 Qd8 10.O-O b6 11.cxb6 Qxb6 12.a3 Nbd7 13.Bb2 Bb7 14.Be2 Rfd8 15.
Nc4 Qc7 16.Nfd2 Ne5 17.Nxe5 Qxe5 18.Qe1 axb4 19.Nf3 Bxf3 20.Bxf3 Qxe1 21.
Rfxe1 bxc3 22.Bxc3 Rxa3 23.Rxa3 Bxa3 24.Ra1 Bc5 25.Bxf6 gxf6 26.Ra8 Rxa8 
27.Bxa8 f5 28.g3 Kg7 29.Kg2 e5 30.f4 f6 31.Bc6 1/2-1/2

[Event "5th North Sea Cup"]
[Site "Esbjerg DEN"]
[Date "1980.07.??"]
[Round "11"]
[White "Iskov, Gert"]
[Black "Mortensen, Erling"]
[Result "1-0"]
[WhiteElo "2400"]
[BlackElo "2400"]
[EventDate "1980.07.04"]
[PlyCount "131"]

1.e4 c5 2.Nf3 e6 3.Nc3 d6 4.d4 cxd4 5.Nxd4 Nf6 6.Be2 Be7 7.O-O Nc6 8.Kh1 
Bd7 9.f4 Nxd4 10.Qxd4 Bc6 11.Bf3 O-O 12.Be3 Qc7 13.e5 dxe5 14.fxe5 Nd7 15.
Bxc6 Qxc6 16.Ne4 Rad8 17.Bg5 Bxg5 18.Nxg5 Qxc2 19.Rad1 h6 20.Rc1 Qe2 21.
Nf3 Nb6 22.Qf2 Qxf2 23.Rxf2 Rc8 24.Re1 Rfd8 25.g3 Nd5 26.Re4 Ne7 27.Kg2 
Nc6 28.g4 Rd5 29.h4 Rcd8 30.g5 hxg5 31.hxg5 Nd4 32.g6 Nxf3 33.gxf7+ Kxf7 
34.Rxf3+ Kg8 35.Kg3 Rd3 36.Ra4 a6 37.Rc4 Rxf3+ 38.Kxf3 Rd2 39.Rc8+ Kh7 40.
Re8 Rxb2 41.Rxe6 Kg8 42.Re7 Kh7 43.Rf7 Kg6 44.Rf8 Rb1 45.Ke4 Re1+ 46.Kd5 
Rd1+ 47.Kc5 Rc1+ 48.Kd6 Rd1+ 49.Ke7 Rd2 50.a4 b5 51.axb5 axb5 52.Rb8 Kf5 
53.Rxb5 g5 54.e6+ Kg6 55.Ke8 Kh5 56.Kf7 Rf2+ 57.Kg7 Re2 58.Kf6 Kh4 59.Re5 
Rf2+ 60.Kg7 Ra2 61.e7 Ra8 62.e8=Q Rxe8 63.Rxe8 g4 64.Kf6 g3 65.Kf5 g2 66.
Kf4 1-0

[Event "5th North Sea Cup"]
[Site "Esbjerg DEN"]
[Date "1980.07.??"]
[Round "11"]
[White "Fuller, Maxwell"]
[Black "Sloth, Joern"]
[Result "1/2-1/2"]
[WhiteElo "2355"]
[BlackElo "2385"]
[EventDate "1980.07.04"]
[PlyCount "29"]

1.e4 c6 2.d4 d5 3.exd5 cxd5 4.Bd3 Nc6 5.c3 Nf6 6.Bf4 Bg4 7.Qb3 Na5 8.Qa4+ 
Bd7 9.Qc2 a6 10.Nd2 Bb5 11.Bxb5+ axb5 12.Ngf3 e6 13.O-O Be7 14.a3 O-O 15.
Ne5 1/2-1/2